Library Catalog

Integrative psychotherapy in theory and practice / (Record no. 492685)

MARC details
000 -LEADER
fixed length control field 01565nam a22002537a 4500
003 - CONTROL NUMBER IDENTIFIER
control field OSt
005 - DATE AND TIME OF LATEST TRANSACTION
control field 20260511170513.0
008 - FIXED-LENGTH DATA ELEMENTS--GENERAL INFORMATION
fixed length control field 260511b |||||||| |||| 00| 0 eng d
020 ## - INTERNATIONAL STANDARD BOOK NUMBER
International Standard Book Number 9781785924224
040 ## - CATALOGING SOURCE
Original cataloging agency Kenya National Library Service
082 ## - DEWEY DECIMAL CLASSIFICATION NUMBER
Classification number 616.8914 HAW
100 ## - MAIN ENTRY--PERSONAL NAME
Personal name Hawkins, Peter
Relator term Author
245 ## - TITLE STATEMENT
Title Integrative psychotherapy in theory and practice /
Statement of responsibility, etc. Peter Hawkins, Judy Ryde.
300 ## - PHYSICAL DESCRIPTION
Extent 335 pages :
Other physical details illustrations ;
Dimensions 23 cm.
504 ## - BIBLIOGRAPHY, ETC. NOTE
Bibliography, etc. note Includes bibliographical references and index.
520 ## - SUMMARY, ETC.
Summary, etc. Bringing together relational, systemic and ecological approaches, this pioneering book outlines a valuable integrative psychotherapeutic method and presents the core steps for implementing it into practice. The book provides a robust examination of the historical roots and theoretical underpinnings of the approach, alongside insights from contemporary neuroscience. The authors also offer a clear framework for carrying out integrative work, weaving together relational, systemic and ecological threads. Case studies highlight the practical applications of the method, and chapters on practice, ethics, supervision, and training provide a springboard for psychotherapy and counselling professionals and students to take forward the lessons offered and implement them in practice.
650 ## - SUBJECT ADDED ENTRY--TOPICAL TERM
Topical term or geographic name entry element Psychotherapy.
650 ## - SUBJECT ADDED ENTRY--TOPICAL TERM
Topical term or geographic name entry element Mental disorders .
650 ## - SUBJECT ADDED ENTRY--TOPICAL TERM
Topical term or geographic name entry element Neuropsychiatry.
700 ## - ADDED ENTRY--PERSONAL NAME
Personal name Ryde, Judy
Relator term Author
942 ## - ADDED ENTRY ELEMENTS (KOHA)
Source of classification or shelving scheme Dewey Decimal Classification
Koha item type Books
Suppress in OPAC No
Holdings
Withdrawn status Source of classification or shelving scheme Damaged status Not for loan Home library Current library Date acquired Source of acquisition Cost, normal purchase price Total checkouts Full call number Barcode Date last seen Price effective from Koha item type
  Dewey Decimal Classification     Nakuru Library Acquisition, Cataloguing, Classification and Distribution Development 05/11/2026 BAI 3296.00   616.8914 HAW B227393 05/11/2026 05/11/2026 Books

© 2025, Kenya National Library Service | Designed & Maintained by Uvumbuzi Center